| 000 | 00456nam a2200181Ia 4500 | ||
|---|---|---|---|
| 008 | 230524s9999 xx 000 0 und d | ||
| 020 | _a9788183181406 | ||
| 082 |
_a331 _bMAM |
||
| 100 | _aC.B.Mamoria | ||
| 245 | 0 | _aDynamics of Industrial Relations | |
| 250 | _a6TH | ||
| 260 |
_aMUMBAI _bHimalaya _c2008 |
||
| 300 | _aXII;793 | ||
| 500 | _aQuantity Number: 50 | ||
| 650 | _aManagement | ||
| 700 | _a" Satish Mamoria , S.V.Gankar,,," | ||
| 942 | _cBK | ||
| 999 |
_c42593 _d42593 |
||